[Event "Trophee Roza Lallemand Online"]
[Site "Tornelo INT"]
[Date "2020.12.13"]
[Round "9"]
[White "Bartolo, Alexia"]
[Black "Hoser, Clara"]
[Result "0-1"]
[WhiteElo "1575"]
[BlackElo "1290"]
[PlyCount "40"]
[EventDate "2020.12.13"]
[EventType "swiss (rapid)"]
[EventRounds "9"]
[EventCountry "USA"]
[SourceTitle "EXT 2022"]
[Source "ChessBase"]
[SourceDate "2021.10.06"]
[SourceVersion "1"]
[SourceVersionDate "2021.10.06"]
[SourceQuality "1"]

1. e4 c5 2. Nf3 Nc6 3. Nc3 e6 4. d3 a6 5. Be2 Nge7 6. 0-0 g6 7. Bg5 Bg7 8. Qd2 0-0 9. Bh6 f5 10. Bxg7 Kxg7 11. e5 Qc7 12. Qg5 h6 13. Qf4 g5 14. Qe3 f4 15. Qe4 d5 16. Qa4 b5 17. Qb3 Na5 18. Qa3 b4 19. Qa4 Bd7 20. Nxd5 Nxd5 0-1

[Event "Trophee Roza Lallemand Online"]
[Site "Tornelo INT"]
[Date "2020.12.13"]
[Round "1"]
[White "Hoser, Clara"]
[Black "Gelin, Helene"]
[Result "1-0"]
[WhiteElo "1290"]
[BlackElo "1133"]
[PlyCount "67"]
[EventDate "2020.12.13"]
[EventType "swiss (rapid)"]
[EventRounds "9"]
[EventCountry "USA"]
[SourceTitle "EXT 2022"]
[Source "ChessBase"]
[SourceDate "2021.10.06"]
[SourceVersion "1"]
[SourceVersionDate "2021.10.06"]
[SourceQuality "1"]

1. e4 e5 2. Nf3 Nc6 3. d4 exd4 4. Nxd4 Bc5 5. Be3 d6 6. Nxc6 bxc6 7. Bxc5 Bd7 8. Bd4 Nf6 9. Nc3 0-0 10. Qf3 c5 11. Bxf6 Qxf6 12. Qxf6 gxf6 13. Bd3 Kh8 14. 0-0 Rg8 15. f4 f5 16. exf5 Rab8 17. b3 Bc6 18. Rf2 d5 19. Ne2 d4 20. c3 Rg7 21. cxd4 cxd4 22. Ng3 Rd8 23. Rc1 Bd5 24. Rxc7 Rdg8 25. Be4 Bxe4 26. Nxe4 d3 27. f6 Rg6 28. Rxf7 h5 29. Kf1 h4 30. f5 Rh6 31. h3 d2 32. Rxd2 Rh5 33. Rd5 Rg3 34. Nxg3 1-0